01019nam a2200265 a 4500001001000000003000900010005001700019008004100036020001800077040002500095082001300120100004100133245012900174250001200303260003700315300004100352500007400393504003000467586002100497700003500518710005800553942001400611952011100625999001700736000040764DO-SdBNP20220606135641.0130906s2011 sp abc 001 0 spa d a9788441428799 aDO-SdBNPbspacBNPHU axxxbxxx1 aCanales Torres, Carlosd1955-96716810aNaves Mancas. :bla armada española a vela de Cabo Celidonia a Trafalgar /cCarlos Canales Torres, Miguel del Rey Vicente. a3a. ed. aMadrid, España :bedaf,c2011. a350 p. :bil., map., retr. ;c24 cm. aIncluye datos biografícos de los autores en la solapa de la portada aBibliografía p: 339-341 aIX premio Algaba1 aRey Vicente, Miguel del9671692 aEdiciones-Distribuciones Antonio Fossati, S.A.967170 2ddccLBS1 001050718MOaGRbGRcCTd2013-09-06iLF1l0oxxx xxxp40764-10r2020-06-25w2020-06-25y1ZNo se presta c40254d40254